[Event "London Classic op"]
[Site "London"]
[Date "2017.12.05"]
[Round "5"]
[White "Nettleton, Charlie"]
[Black "Ilfeld, Etan"]
[Result "1/2-1/2"]
[WhiteElo "2047"]
[BlackElo "2186"]
[PlyCount "105"]
[EventDate "2017.12.02"]
[EventType "swiss"]
[EventRounds "9"]
[EventCountry "ENG"]
[SourceTitle "CBM 182 Extra"]
[Source "ChessBase"]
[SourceDate "2018.02.23"]
[SourceVersion "1"]
[SourceVersionDate "2018.02.23"]
[SourceQuality "1"]

1. e4 e5 2. Nf3 Nc6 3. Bc4 Bc5 4. c3 Nf6 5. d3 d6 6. 0-0 0-0 7. Re1 Bg4 8. Nbd2 a5 9. a4 Bb6 10. h3 Bh5 11. Nf1 Re8 12. Ng3 Bg6 13. Qb3 Qd7 14. Bb5 Nh5 15. Nxh5 Bxh5 16. Nh4 Qe6 17. Bc4 Qf6 18. Nf5 Bg6 19. Ne3 Nd8 20. Rf1 Bxe3 21. Bxe3 Qe7 22. f4 exf4 23. Bxf4 Kh8 24. Rae1 f6 25. Kh2 Bf7 26. d4 Bxc4 27. Qxc4 Ne6 28. Bg3 Rf8 29. Qb5 b6 30. Qc6 Rae8 31. e5 dxe5 32. dxe5 f5 33. Rd1 Qc5 34. Qxc5 Nxc5 35. Rd4 g5 36. h4 h6 37. b4 Ne6 38. Rd7 f4 39. Bf2 Rd8 40. Rfd1 axb4 41. cxb4 Rxd7 42. Rxd7 Ra8 43. Re7 Ng7 44. hxg5 hxg5 45. Kh3 Rxa4 46. Rxc7 Rxb4 47. Rb7 b5 48. Rb6 Rb3+ 49. Kg4 Rb2 50. Kxg5 Rxf2 51. Rxb5 Kh7 52. Rb7 Rxg2+ 53. Kxf4 1/2-1/2

[Event "London Classic op"]
[Site "London"]
[Date "2017.12.03"]
[Round "3"]
[White "Hambleton, Aman"]
[Black "Ilfeld, Etan"]
[Result "1/2-1/2"]
[WhiteElo "2474"]
[BlackElo "2186"]
[PlyCount "115"]
[EventDate "2017.12.02"]
[EventType "swiss"]
[EventRounds "9"]
[EventCountry "ENG"]
[SourceTitle "CBM 182 Extra"]
[Source "ChessBase"]
[SourceDate "2018.02.23"]
[SourceVersion "1"]
[SourceVersionDate "2018.02.23"]
[SourceQuality "1"]

1. d4 d5 2. Bf4 Nf6 3. e3 Bf5 4. c4 c6 5. Nc3 e6 6. Qb3 b6 7. Bxb8 Rxb8 8. cxd5 exd5 9. Qa4 b5 10. Qd1 Bb4 11. Bd3 Bxc3+ 12. bxc3 Bxd3 13. Qxd3 0-0 14. Ne2 Re8 15. 0-0 Ne4 16. f3 Nd6 17. Ng3 f5 18. Rae1 Qg5 19. Rf2 Re6 20. Nf1 Rbe8 21. Rfe2 Nc4 22. h3 Qg6 23. Kf2 a5 24. Nh2 a4 25. Nf1 Rf8 26. Kg1 Rfe8 27. Kh2 R8e7 28. Ng3 Nd6 29. Qc2 Re8 30. Nf1 Nc4 31. Qd3 R8e7 32. Ng3 Nd6 33. Qb1 Re8 34. Qc1 Nc4 35. Nf1 R8e7 36. Qb1 Re8 37. Kg1 R8e7 38. Kf2 Re8 39. Qd3 R8e7 40. g4 Nd6 41. Kg1 fxg4 42. Qxg6 Rxg6 43. hxg4 h5 44. Nh2 Rf7 45. Rf1 hxg4 46. Nxg4 Ne4 47. Rg2 Nxc3 48. a3 b4 49. axb4 a3 50. Ne5 Rxg2+ 51. Kxg2 a2 52. Ra1 Ra7 53. Nxc6 Ra3 54. Na5 Ra4 55. Nc6 Ra3 56. Na5 Ra4 57. Nc6 Ra3 58. Na5 1/2-1/2

[Event "London Classic op 8th"]
[Site "London"]
[Date "2016.12.16"]
[Round "9"]
[White "Mladek, Richard"]
[Black "Ilfeld, Etan"]
[Result "0-1"]
[WhiteElo "2024"]
[BlackElo "2181"]
[PlyCount "66"]
[EventDate "2016.12.09"]
[EventType "swiss"]
[EventRounds "9"]
[EventCountry "ENG"]
[SourceTitle "CBM 176 Extra"]
[Source "ChessBase"]
[SourceDate "2017.03.02"]
[SourceVersion "1"]
[SourceVersionDate "2017.03.02"]
[SourceQuality "1"]

1. e4 e5 2. f4 exf4 3. Nf3 Ne7 4. d4 d5 5. e5 Ng6 6. Bd3 Be7 7. 0-0 0-0 8. Nc3 c5 9. Ne2 cxd4 10. Bxg6 hxg6 11. Nxf4 Nc6 12. Re1 g5 13. Ne2 g4 14. Nfxd4 Nxe5 15. Nf4 Nc6 16. c3 Bh4 17. g3 Bf6 18. Be3 Ne5 19. Kg2 Nc4 20. Bc1 Nb6 21. a4 a5 22. Be3 Bd7 23. b3 Re8 24. Rc1 Rc8 25. Qd3 Bc6 26. h3 gxh3+ 27. Kxh3 Nd7 28. Kg2 Ne5 29. Qf5 Qd7 30. Qh5 g6 31. Qh3 Qxh3+ 32. Nxh3 Nd3 33. Rf1 Rxe3 0-1

[Event "London Classic op 8th"]
[Site "London"]
[Date "2016.12.12"]
[Round "5"]
[White "Ilfeld, Etan"]
[Black "Flear, Glenn C"]
[Result "0-1"]
[WhiteElo "2181"]
[BlackElo "2428"]
[PlyCount "108"]
[EventDate "2016.12.09"]
[EventType "swiss"]
[EventRounds "9"]
[EventCountry "ENG"]
[SourceTitle "CBM 176 Extra"]
[Source "ChessBase"]
[SourceDate "2017.03.02"]
[SourceVersion "1"]
[SourceVersionDate "2017.03.02"]
[SourceQuality "1"]

1. e4 e5 2. Nf3 Nc6 3. Bb5 a6 4. Ba4 Nf6 5. d4 exd4 6. 0-0 Be7 7. e5 Ne4 8. Nxd4 Nc5 9. Nf5 0-0 10. Qg4 g6 11. Bxc6 dxc6 12. Nxe7+ Qxe7 13. Qg5 Re8 14. Qxe7 Rxe7 15. f4 Bf5 16. Na3 b5 17. Be3 Na4 18. b3 Nc3 19. Bd2 Ne4 20. Ba5 Rd8 21. Rfd1 Red7 22. Rxd7 Rxd7 23. c4 Nc5 24. g3 Nd3 25. Rd1 Kf8 26. Nc2 Ke8 27. Nb4 Nxb4 28. Rxd7 Kxd7 29. Bxb4 Bb1 30. a3 Ba2 31. c5 Bxb3 32. Kf2 Ke6 33. Ke3 Kd5 34. Kd3 Bd1 35. h3 Bf3 36. h4 Bg4 37. Kc3 Be6 38. Kd3 Bf5+ 39. Ke3 h5 40. Ba5 Kxc5 41. Bxc7 Kc4 42. Kd2 Kb3 43. Bd6 a5 44. e6 fxe6 45. Kc1 b4 46. axb4 axb4 47. Be7 Kc4 48. Kb2 c5 49. Bd6 Kb5 50. Be5 c4 51. Bd6 Be4 52. Be7 c3+ 53. Kb3 Bd5+ 54. Kc2 Kc4 0-1

[Event "Leaminton County-ch"]
[Site "Leamington Spa"]
[Date "2016.07.02"]
[Round "1.6"]
[White "Ilfeld, Etan"]
[Black "Townsend, M Paul"]
[Result "1/2-1/2"]
[WhiteElo "2181"]
[BlackElo "2260"]
[PlyCount "61"]
[EventDate "2016.07.02"]
[EventType "team-match"]
[EventRounds "1"]
[EventCountry "ENG"]
[SourceTitle "CBM 173 Extra"]
[Source "ChessBase"]
[SourceDate "2016.08.29"]
[SourceVersion "1"]
[SourceVersionDate "2016.08.29"]
[SourceQuality "1"]
[WhiteTeam "Middlesex"]
[BlackTeam "Yorkshire"]
[WhiteTeamCountry "ENG"]
[BlackTeamCountry "ENG"]

1. e4 e6 2. d4 d5 3. e5 c5 4. c3 Nc6 5. Nf3 Bd7 6. a3 c4 7. Be3 Na5 8. Nbd2 Bc6 9. Be2 Qd7 10. a4 Ne7 11. 0-0 Nc8 12. Qc2 Nb6 13. Bd1 Be7 14. Bg5 f6 15. exf6 gxf6 16. Bf4 0-0-0 17. b4 cxb3 18. Nxb3 Nbc4 19. Nxa5 Nxa5 20. Re1 Bd6 21. Bxd6 Qxd6 22. Qe2 Rde8 23. Bc2 Qf4 24. Bd3 Re7 25. Bb5 Bxb5 26. axb5 b6 27. Nd2 Kb8 28. g3 Qc7 29. Rec1 Rc8 30. Ra4 Qd6 31. Qf3 1/2-1/2

[Event "London Classic op 7th"]
[Site "London"]
[Date "2015.12.09"]
[Round "7"]
[White "Ilfeld, Etan"]
[Black "Compton, Alistair"]
[Result "1-0"]
[WhiteElo "2199"]
[BlackElo "2061"]
[PlyCount "75"]
[EventDate "2015.12.04"]
[EventType "swiss"]
[EventRounds "9"]
[EventCountry "ENG"]
[SourceTitle "CBM 169 Extra"]
[Source "ChessBase"]
[SourceDate "2015.12.18"]
[SourceVersion "1"]
[SourceVersionDate "2015.12.18"]
[SourceQuality "1"]

1. e4 e6 2. d4 d5 3. e5 c5 4. c3 Qb6 5. Nf3 Nc6 6. a3 Nh6 7. b4 cxd4 8. Bxh6 gxh6 9. cxd4 a5 10. b5 Ne7 11. Bd3 Ng6 12. Qd2 Qd8 13. 0-0 Nh4 14. Nxh4 Qxh4 15. f4 f5 16. Nc3 b6 17. Rf3 Rg8 18. Kh1 Qh5 19. Be2 Qf7 20. Na4 Qb7 21. Rc1 Bd7 22. Rfc3 Be7 23. Rc7 Qb8 24. Qd3 Ra7 25. R7c3 Kf8 26. g4 Rg7 27. gxf5 exf5 28. Qh3 Rg6 29. Bh5 Rg7 30. Bf3 Bb4 31. axb4 axb4 32. Re3 Rxa4 33. Bxd5 Qc7 34. Ree1 Qd8 35. Qxh6 Bxb5 36. Qf6+ Ke8 37. Bf3 Rg6 38. Qh8+ 1-0

[Event "London Classic op 6th"]
[Site "London"]
[Date "2014.12.13"]
[Round "7"]
[White "Holleland, Sigve"]
[Black "Ilfeld, Etan"]
[Result "0-1"]
[WhiteElo "2042"]
[BlackElo "2192"]
[PlyCount "68"]
[EventDate "2014.12.08"]
[EventType "swiss"]
[EventRounds "9"]
[EventCountry "ENG"]
[SourceTitle "CBM 163 Extra"]
[Source "ChessBase"]
[SourceDate "2014.12.23"]
[SourceVersion "1"]
[SourceVersionDate "2014.12.23"]
[SourceQuality "1"]

1. d4 d5 2. c4 c6 3. Nf3 e6 4. g3 Nf6 5. Bg2 Bd6 6. Nfd2 0-0 7. Nc3 Re8 8. 0-0 Nbd7 9. e4 dxe4 10. Ndxe4 Bc7 11. b4 Nxe4 12. Nxe4 e5 13. d5 cxd5 14. cxd5 h6 15. Bb2 a5 16. b5 f5 17. Nc3 Bd6 18. Ne2 Nc5 19. Rc1 b6 20. f4 e4 21. Bd4 Bb7 22. Bh3 Qd7 23. Nc3 Qf7 24. Kh1 Rac8 25. g4 Nd3 26. gxf5 Nxc1 27. Rg1 Nd3 28. f6 Rxc3 29. Rxg7+ Qxg7 30. fxg7 Rc1 31. Qxc1 Nxc1 32. Be6+ Rxe6 33. dxe6 e3+ 34. Kg1 Ne2+ 0-1

[Event "London Classic op 6th"]
[Site "London"]
[Date "2014.12.12"]
[Round "5"]
[White "Lobersli, Henrik Oie"]
[Black "Ilfeld, Etan"]
[Result "0-1"]
[WhiteElo "1961"]
[BlackElo "2192"]
[PlyCount "82"]
[EventDate "2014.12.08"]
[EventType "swiss"]
[EventRounds "9"]
[EventCountry "ENG"]
[SourceTitle "CBM 163 Extra"]
[Source "ChessBase"]
[SourceDate "2014.12.23"]
[SourceVersion "1"]
[SourceVersionDate "2014.12.23"]
[SourceQuality "1"]

1. e4 e5 2. Nf3 Nc6 3. Bb5 a6 4. Ba4 d6 5. c3 Bd7 6. 0-0 g6 7. h3 Bg7 8. d4 Nf6 9. Re1 0-0 10. d5 Ne7 11. Bxd7 Nxd7 12. c4 h6 13. Nc3 f5 14. b4 a5 15. Ba3 axb4 16. Bxb4 b6 17. a4 fxe4 18. Nxe4 Nf5 19. a5 Nd4 20. Nxd4 exd4 21. axb6 Nxb6 22. Rc1 Re8 23. Nd2 Rxe1+ 24. Qxe1 Qe8 25. Qxe8+ Rxe8 26. Ba5 Ra8 27. Nb3 Rb8 28. Bxb6 Rxb6 29. Rb1 d3 30. Nd2 Rxb1+ 31. Nxb1 Kf7 32. g4 Kf6 33. f4 g5 34. fxg5+ Kxg5 35. Kf2 Kf4 36. Ke1 Kg3 37. Kd2 Kxh3 38. Na3 Bd4 39. Kxd3 Bb6 40. Ke2 Kxg4 41. Kf1 Kf3 0-1

[Event "London Classic op 6th"]
[Site "London"]
[Date "2014.12.11"]
[Round "4"]
[White "Ilfeld, Etan"]
[Black "Fodor, Tamas Jr"]
[Result "0-1"]
[WhiteElo "2192"]
[BlackElo "2499"]
[PlyCount "106"]
[EventDate "2014.12.08"]
[EventType "swiss"]
[EventRounds "9"]
[EventCountry "ENG"]
[SourceTitle "CBM 163 Extra"]
[Source "ChessBase"]
[SourceDate "2014.12.23"]
[SourceVersion "1"]
[SourceVersionDate "2014.12.23"]
[SourceQuality "1"]

1. e4 e5 2. Nf3 Nc6 3. Bb5 a6 4. Ba4 Nf6 5. d4 exd4 6. 0-0 Be7 7. e5 Ne4 8. Nxd4 0-0 9. Nf5 d5 10. Bxc6 bxc6 11. Nxe7+ Qxe7 12. Re1 Re8 13. f3 Nd6 14. Bd2 Nc4 15. Bc3 Bf5 16. b3 Nb6 17. Bd4 c5 18. Bf2 Rad8 19. Qe2 d4 20. c4 Nd7 21. Bg3 h5 22. Qf2 Nf8 23. Nd2 Ng6 24. h3 Rb8 25. Bh2 h4 26. Kh1 a5 27. Nf1 Rb4 28. Qb2 Reb8 29. Nd2 a4 30. Qc1 Qe6 31. f4 Qc6 32. Kg1 Bc8 33. Rf1 Ne7 34. Qe1 Nf5 35. Rf3 Bb7 36. Rf2 Qg6 37. Qe2 Ra8 38. Qd3 axb3 39. Nxb3 Ra3 40. Re1 Qe6 41. Rc1 g6 42. Qe2 Qc6 43. Qg4 Rba4 44. Qe2 Bc8 45. Kh1 Be6 46. Qf3 Qb6 47. g4 hxg3 48. Bxg3 Rxc4 49. Rxc4 Bxc4 50. Rc2 Bxb3 51. axb3 Qxb3 52. Qxb3 Rxb3 53. Rf2 d3 0-1

[Event "London Classic op 6th"]
[Site "London"]
[Date "2014.12.09"]
[Round "2"]
[White "Ilfeld, Etan"]
[Black "Sadzikowski, Daniel"]
[Result "0-1"]
[WhiteElo "2192"]
[BlackElo "2492"]
[PlyCount "71"]
[EventDate "2014.12.08"]
[EventType "swiss"]
[EventRounds "9"]
[EventCountry "ENG"]
[SourceTitle "CBM 163 Extra"]
[Source "ChessBase"]
[SourceDate "2014.12.23"]
[SourceVersion "1"]
[SourceVersionDate "2014.12.23"]
[SourceQuality "1"]

1. e4 c5 2. Nf3 d6 3. d4 cxd4 4. Nxd4 Nf6 5. Nc3 a6 6. Be2 e5 7. Nf3 h6 8. 0-0 Be7 9. a4 Be6 10. Re1 Nbd7 11. h3 0-0 12. b3 Rc8 13. Qd3 Qc7 14. Bb2 Qa5 15. Nd2 Rc7 16. Rad1 Rfc8 17. Ndb1 Nb8 18. Rd2 Nc6 19. Na2 b5 20. Bc3 Qb6 21. axb5 axb5 22. Nb4 Nxb4 23. Bxb4 Nxe4 24. Qxe4 d5 25. Qxe5 Bxb4 26. c3 Rxc3 27. Qd4 Qxd4 28. Rxd4 Rxb3 29. Red1 Rb2 30. Bd3 Bc5 31. Rf4 g5 32. Rf3 g4 33. Rf4 Bd6 34. Rxg4+ Bxg4 35. hxg4 Bc5 36. Nd2 0-1

[Event "London Classic op 5th"]
[Site "London"]
[Date "2013.12.12"]
[Round "6"]
[White "Kiik, Kalle"]
[Black "Ilfeld, Etan"]
[Result "1-0"]
[WhiteElo "2435"]
[BlackElo "2178"]
[PlyCount "63"]
[EventDate "2013.12.07"]
[EventType "swiss"]
[EventRounds "9"]
[EventCountry "ENG"]
[SourceTitle "CBM 157 Extra"]
[Source "ChessBase"]
[SourceDate "2013.12.19"]
[SourceVersion "1"]
[SourceVersionDate "2013.12.19"]
[SourceQuality "1"]

1. c4 e5 2. g3 Nf6 3. Bg2 g6 4. Nc3 Bg7 5. e3 0-0 6. Nge2 d6 7. d4 c6 8. 0-0 Bf5 9. e4 Bc8 10. h3 c5 11. dxc5 dxc5 12. Be3 Qxd1 13. Raxd1 b6 14. f4 Nfd7 15. Rd6 Re8 16. Nb5 Na6 17. Nec3 Nf8 18. f5 f6 19. Nd5 Bd7 20. fxg6 hxg6 21. Nxf6+ Bxf6 22. Rfxf6 Bxb5 23. cxb5 Nc7 24. Bf1 Re7 25. Bc4+ Kg7 26. Bg5 Ne8 27. Rxf8 Kxf8 28. Rxg6 Rg7 29. Bh6 Rd8 30. Bxg7+ Nxg7 31. Rf6+ Ke8 32. Bd5 1-0

[Event "London Classic op 4th"]
[Site "London"]
[Date "2012.12.05"]
[Round "5"]
[White "Ilfeld, Etan"]
[Black "Carlile, Orison"]
[Result "1-0"]
[WhiteElo "2191"]
[BlackElo "2016"]
[PlyCount "53"]
[EventDate "2012.12.01"]
[EventType "swiss"]
[EventRounds "9"]
[EventCountry "ENG"]
[SourceTitle "CBM 151 Extra"]
[Source "ChessBase"]
[SourceDate "2012.12.18"]
[SourceVersion "1"]
[SourceVersionDate "2012.12.18"]
[SourceQuality "1"]

1. e4 e6 2. d4 d5 3. e5 c5 4. c3 Nc6 5. Nf3 Nh6 6. Bxh6 gxh6 7. Be2 Qb6 8. Qd2 Bd7 9. 0-0 Bg7 10. Na3 0-0 11. Nc2 f6 12. exf6 Rxf6 13. Ne5 Nxe5 14. dxe5 Rff8 15. f4 Rad8 16. Kh1 Qc7 17. Bg4 Qc6 18. Rae1 Be8 19. Bh3 Bg6 20. g3 Rf7 21. b3 b5 22. Bg2 Qa6 23. Ra1 Bf8 24. Ne3 h5 25. f5 Bxf5 26. Nxf5 exf5 27. Qg5+ 1-0

[Event "USA-chT Amateur West"]
[Site "Los Angeles"]
[Date "2008.02.18"]
[Round "5"]
[White "Clawitter, Craig"]
[Black "Ilfeld, Etan"]
[Result "0-1"]
[WhiteElo "2141"]
[BlackElo "2193"]
[PlyCount "60"]
[EventDate "2008.02.16"]
[EventType "team-swiss"]
[EventRounds "6"]
[EventCountry "USA"]
[SourceTitle "EXT 2014"]
[Source "ChessBase"]
[SourceDate "2013.11.20"]
[SourceVersion "1"]
[SourceVersionDate "2013.11.20"]
[SourceQuality "1"]

1. e4 e5 2. Nf3 Nc6 3. Bb5 a6 4. Ba4 d6 5. c3 f5 6. exf5 Bxf5 7. 0-0 Bd3 8. Re1 Be7 9. Bc2 Bxc2 10. Qxc2 Nf6 11. d4 exd4 12. cxd4 Qd7 13. Nc3 0-0 14. d5 Nd8 15. Ng5 h6 16. Nh3 Ng4 17. Nf4 Bh4 18. g3 Bg5 19. Ne6 Nxe6 20. dxe6 Qc6 21. Bxg5 hxg5 22. e7 Rf7 23. Qe4 Ne5 24. Nd5 Nf3+ 25. Kg2 Nxe1+ 26. Rxe1 Re8 27. Qe6 Rexe7 28. Qxe7 Rxe7 29. Rxe7 Qxd5+ 30. Kg1 Qd1+ 0-1

[Event "US Open-104"]
[Site "Los Angeles"]
[Date "2003.08.06"]
[Round "4"]
[White "Ortiz, Eduardo"]
[Black "Ilfeld, Etan"]
[Result "0-1"]
[WhiteElo "2310"]
[BlackElo "2210"]
[PlyCount "118"]
[EventDate "2003.08.03"]
[EventType "swiss"]
[EventRounds "12"]
[EventCountry "USA"]
[SourceTitle "CBM 095 Extra"]
[Source "ChessBase"]
[SourceDate "2003.09.04"]
[SourceVersion "1"]
[SourceVersionDate "2003.09.04"]
[SourceQuality "1"]

1. d4 d5 2. c4 c6 3. Nf3 e6 4. cxd5 exd5 5. Nc3 Nf6 6. Bg5 Be7 7. e3 0-0 8. Bd3 Nbd7 9. Qc2 Re8 10. h3 Nf8 11. 0-0 Ng6 12. Ne5 Nd7 13. Bxe7 Qxe7 14. f4 Ndxe5 15. fxe5 Qg5 16. Rf3 Nh4 17. Bxh7+ Kh8 18. Raf1 Nxf3+ 19. Rxf3 g6 20. Rxf7 Qxe3+ 21. Qf2 Qxf2+ 22. Kxf2 Be6 23. Bxg6 Bxf7 24. Bxf7 Rf8 25. e6 Rae8 26. Kg3 Kg7 27. Bxe8 Rxe8 28. Ne2 Rxe6 29. Kf3 b6 30. b4 Re8 31. g4 a5 32. bxa5 bxa5 33. h4 Rb8 34. g5 Rb2 35. a4 Kg6 36. Nf4+ Kf5 37. Nd3 Rd2 38. Nc5 Rh2 39. Nb7 Rxh4 40. Nxa5 Rxd4 41. Nxc6 Rxa4 42. g6 Rf4+ 43. Kg3 Rg4+ 44. Kf3 Rg5 45. Ke3 Ke6 46. Nd4+ Kd6 47. Ne2 Rxg6 48. Nf4 Rg5 49. Kd4 Rg4 50. Ke3 Ke5 51. Nd3+ Kf5 52. Nf2 Ra4 53. Nd3 d4+ 54. Kf3 Ra3 55. Ke2 Ke4 56. Nf2+ Kd5 57. Nd3 Kc4 58. Nf4 Ra2+ 59. Kd1 Rf2 0-1

[Event "Budapest FS11 IM"]
[Site "Budapest"]
[Date "2002.11.04"]
[Round "3"]
[White "Hamdouchi, Adina Maria"]
[Black "Ilfeld, Etan"]
[Result "1/2-1/2"]
[WhiteElo "2270"]
[BlackElo "2176"]
[PlyCount "96"]
[EventDate "2002.11.02"]
[EventType "tourn"]
[EventRounds "13"]
[EventCountry "HUN"]
[EventCategory "1"]
[SourceTitle "EXT 2003"]
[Source "ChessBase"]
[SourceDate "2002.11.25"]
[SourceVersion "1"]
[SourceVersionDate "2002.11.25"]
[SourceQuality "1"]

1. Nf3 d5 2. g3 Nf6 3. Bg2 c6 4. b3 Bg4 5. Bb2 Nbd7 6. 0-0 e6 7. c4 Bd6 8. Na3 Qe7 9. Nc2 0-0 10. d3 Rad8 11. Ne3 Bxf3 12. Bxf3 Ba3 13. Qc2 Bxb2 14. Qxb2 Rfe8 15. Rac1 Nf8 16. cxd5 cxd5 17. b4 Rc8 18. Qd4 b6 19. a4 Rc7 20. Qb2 Rec8 21. Rc2 Rxc2 22. Nxc2 Qc7 23. Nd4 a6 24. b5 axb5 25. Qxb5 Qc5 26. e3 Qxb5 27. Nxb5 N8d7 28. d4 g6 29. Be2 Rc2 30. Bd3 Rd2 31. Bb1 h5 32. Nc3 Ne8 33. Rc1 Nd6 34. Kf1 Rb2 35. Ke1 Kf8 36. Bd3 Rb4 37. Rb1 Rxb1+ 38. Bxb1 Ke7 39. Ke2 Nb8 40. f3 Nc6 41. Nb5 Nxb5 42. axb5 Nd8 43. h4 Nb7 44. e4 Nd6 45. Bd3 f5 46. e5 Nb7 47. g4 Kf7 48. gxh5 gxh5 1/2-1/2

[Event "Koltanowski Memorial op"]
[Site "San Francisco"]
[Date "2000.12.19"]
[Round "6"]
[White "Ilfeld, Etan"]
[Black "Vucic, Mladen"]
[Result "0-1"]
[WhiteElo "2184"]
[BlackElo "2346"]
[PlyCount "48"]
[EventDate "2000.12.14"]
[EventType "swiss"]
[EventRounds "9"]
[EventCountry "USA"]
[SourceTitle "CBM 079 Extra"]
[Source "ChessBase"]
[SourceDate "2001.01.11"]
[SourceVersion "2"]
[SourceVersionDate "2001.01.25"]
[SourceQuality "1"]

1. e4 c5 2. Nf3 e6 3. d4 cxd4 4. Nxd4 Nc6 5. Nc3 d6 6. Nxc6 bxc6 7. Bd3 g6 8. b3 Bg7 9. Bb2 Nf6 10. 0-0 0-0 11. f4 e5 12. Qe1 exf4 13. Ne2 g5 14. h4 h6 15. hxg5 hxg5 16. g3 Bh3 17. gxf4 Bxf1 18. Qxf1 Ng4 19. Bxg7 Kxg7 20. Qf3 Qb6+ 21. Kg2 Rh8 22. fxg5 Rh2+ 23. Kg3 Rah8 24. Nf4 Rf2 0-1